Экономическая теория: учебник для вузов

Podrobná bibliografie
Další autoři: Добрынин А. И. Александр Иванович (редактор), Тарасевич Л. С. Леонид Степанович
Jazyk:ruština
Vydáno: Санкт-Петербург, Питер, 2003
Vydání:3-е изд., доп. и испр.
Témata:
Médium: Kniha
KOHA link:https://koha.lib.tpu.ru/cgi-bin/koha/opac-detail.pl?biblionumber=53146

MARC

LEADER 00000nam0a2200000 4500
001 53146
005 20231101211416.0
010 |a 5804600370 
035 |a (RuTPU)RU\TPU\book\55732 
090 |a 53146 
100 |a 20030616d2003 m y0rusy50 ca 
101 0 |a rus 
102 |a RU 
105 |a a j 001zy 
200 1 |a Экономическая теория  |e учебник для вузов  |f Под ред. А. И. Добрынина и Л. С. Тарасевича 
205 |a 3-е изд., доп. и испр. 
210 |a Санкт-Петербург  |c Питер  |d 2003 
215 |a 544 с.  |c ил. 
320 |a Библиогр.: с. 502-542 
451 1 |0 (RuTPU)RU\TPU\book\48538  |y 5-8046-0037-0  |t Экономическая теория  |o учебник  |f Под ред. А. И. Добрынина и Л. С. Тарасевича  |e 3-е изд., доп. и испр.  |c Санкт-Петербург  |n Питер  |d 2002  |p 544 с. 
451 1 |0 (RuTPU)RU\TPU\book\63818  |y 5-8046-0037-0  |t Экономическая теория  |o учебник для вузов  |f Под ред. А. И. Добрынина, Л. С. Тарасевича  |e 3-е изд., доп. и испр.  |c Санкт-Петербург  |n Питер  |d 2004  |p 544 с.  |s Учебник для вузов 
606 |a Экономическая теория  |2 stltpush  |3 (RuTPU)RU\TPU\subj\26589  |9 50481 
610 1 |a экономика 
610 1 |a философия 
610 1 |a теория 
610 1 |a общество 
610 1 |a экономическое развитие 
610 1 |a общественное производство 
610 1 |a экономические системы 
610 1 |a собственность 
610 1 |a рыночная экономика 
610 1 |a стоимость 
610 1 |a совершенная конкуренция 
610 1 |a рыночное равновесие 
610 1 |a микроэкономика 
610 1 |a макроэкономика 
610 1 |a фирмы 
610 1 |a предпринимательство 
610 1 |a капитал 
610 1 |a производство 
610 1 |a издержки 
610 1 |a прибыль 
610 1 |a доходы 
610 1 |a заработная плата 
610 1 |a агропромышленное производство 
610 1 |a рента 
610 1 |a региональная экономика 
610 1 |a макроэкономическая политика 
610 1 |a валовой продукт 
610 1 |a накопление 
610 1 |a потребление 
610 1 |a экономический рост 
610 1 |a национальная экономика 
610 1 |a цикличность 
610 1 |a экономические кризисы 
610 1 |a труд 
610 1 |a занятость 
610 1 |a безработица 
610 1 |a денежно-кредитная система 
610 1 |a ценные бумаги 
610 1 |a инфляция 
610 1 |a финансовая система 
610 1 |a государственное регулирование 
610 1 |a смешанная экономика 
610 1 |a доходы 
610 1 |a социальная политика 
610 1 |a мегаэкономика 
610 1 |a мировое хозяйство 
610 1 |a валютно-финансовая система 
610 1 |a учебники 
686 |a У011я73  |v LBC/SL-A  |2 rubbk 
702 1 |a Добрынин  |b А. И.  |g Александр Иванович  |4 340 
702 1 |a Тарасевич  |b Л. С.  |g Леонид Степанович  |4 340 
801 1 |a RU  |b 63413507  |c 20030616  |g PSBO 
801 2 |a RU  |b 63413507  |c 20191206  |g PSBO 
900 |a Экономическая теория 
942 |c BK 
952 |a 521600